000 01307cpcaa2200337 4500
001 mm 83082405
003 DLC
005 20260227111720.0
008 830811|||||||||||| eng
010 _amm 83082405
040 _aDLC
_cDLC
_edacs
_dDLC
041 _aeng
_acai
_asai
072 7 _aH
_2lcmd
245 0 0 _aIndian language collection,
_f1595-1833.
300 _a11
_fitems.
300 _a2
_fcontainers.
506 0 _aOpen to research.
520 8 _aVolumes chiefly consisting of manuscript vocabularies, grammars, and dictionaries of various Central and South American Indians; including the Aymara, Cakchickel, Campa, Lule, Mosca (Chibcha), Quiché, and Tzotzil.
546 _aCollection material in English and languages of Central and South American Indians.
650 0 _aAymara Indians.
650 0 _aCakchikel Indians.
650 0 _aCampa Indians.
650 0 _aChibcha Indians.
650 0 _aIndians of Central America
_xLanguages.
650 0 _aIndians of South America
_xLanguages.
650 0 _aLule Indians.
650 0 _aQuiché Indians.
650 0 _aTzotzil Indians.
999 _c44022
_d44022